000
00474nam a2200145Ia 4500
008
100204s9999 xx 000 0 und d
082
_b
2754
100
_a
माळी यशोदा यशवंत
245
_a
पुनर्जन्म
260
_b
"कॉन्टीनेंटल बुक सर्व्हिस, पुणे"
_c
1948
300
_a
38
630
_a
पुनर्जन्म
730
_a
पुनर्जन्म
942
_c
BOOK
999
_c
447781
_d
447778